Bayerischer Barock (Record no. 7776)

MARC details
000 -CABECERA
campo de control de longitud fija 00784nam a2200241 a 4500
001 - NÚMERO DE CONTROL
campo de control BRCA_8108
005 - FECHA Y HORA DE LA ÚLTIMA TRANSACCIÓN
campo de control 20190320210132.0
008 - DATOS DE LONGITUD FIJA--INFORMACIÓN GENERAL
campo de control de longitud fija 080414s1965----gw-a###f##---#000-0#ger-#
041 ## - CÓDIGO DE LENGUA
Código de lengua del texto/banda sonora o título independiente ger
044 ## - CÓDIGO DEL PAÍS DE LA ENTIDAD EDITORA/PRODUCTORA
Código MARC del país gw
050 #4 - SIGNATURA TOPOGRÁFICA DE LA BIBLIOTECA DEL CONGRESO
Número de clasificación N6809
Número de documento/Ítem .B597
-- 1965
100 1# - ENTRADA PRINCIPAL--NOMBRE DE PERSONA
Nombre de persona Biller, Josef H.
9 (RLIN) 20185
245 10 - MENCIÓN DE TÍTULO
Título Bayerischer Barock
Resto del título mit einer betrachtung über den bayerischen barock von Gerhard Woeckel
Mención de responsabilidad, etc. Josef H. Biller.
260 ## - PUBLICACIÓN, DISTRIBUCIÓN, ETC.
Lugar de publicación, distribución, etc. Munchen
Nombre del editor, distribuidor, etc. Bruckmann
Fecha de publicación, distribución, etc. 1965
300 ## - DESCRIPCIÓN FÍSICA
Extensión 101 p.
Otras características físicas il.
Dimensiones 27 cm.
500 ## - NOTA GENERAL
Nota general Y160
546 ## - NOTA DE LENGUA/LENGUAJE
Nota de lengua/lenguaje Texto en alemán, inglés, francés e italiano
600 14 - PUNTO DE ACCESO ADICIONAL DE MATERIA--NOMBRE DE PERSONA
Nombre de persona Woeckel, Gerhard
9 (RLIN) 20186
650 14 - PUNTO DE ACCESO ADICIONAL DE MATERIA--TÉRMINO DE MATERIA
Término de materia o nombre geográfico como elemento de entrada Arte barroco
Subdivisión de forma Resumen y notas
Subdivisión geográfica Bavaria (Alemania)
9 (RLIN) 20187
650 14 - PUNTO DE ACCESO ADICIONAL DE MATERIA--TÉRMINO DE MATERIA
Término de materia o nombre geográfico como elemento de entrada Arte barroco
Subdivisión de forma Presentación
Subdivisión geográfica Bavaria (Alemania)
9 (RLIN) 20188
902 ## - CATALOGADOR
Iniciales GFM
942 ## - ELEMENTOS DE PUNTO DE ACCESO ADICIONAL (KOHA)
Fuente del sistema de clasificación o colocación Library of Congress Classification
Tipo de ítem Koha Libros
Holdings
Estado de retiro Estado de pérdida Estado dañado No para préstamo Localización permanente Ubicación/localización actual Fecha de adquisición Número de inventario Total de préstamos Signatura topográfica completa Código de barras Fecha visto por última vez Precio válido a partir de Tipo de ítem Koha
El ejemplar forma parte de la colección y puede ser consultado según las políticas vigentes.       Biblioteca del Museo Franz Mayer (Rogerio Casas-Alatriste) Biblioteca del Museo Franz Mayer (Rogerio Casas-Alatriste) 08/04/2014 Y160   N6809 .B597 1965 (Y160) 8732 22/03/2019 22/03/2019 Libros